000 00507nam a2200193Ia 4500
005 20250508162943.0
008 008 250505s9999 xx 000 0 hin d
037 _aTextual
040 _aFEDL
_beng
_cFEDL
041 _ahin
_2eng
084 _a305, VER
_qFEDL
100 _aVerma Om Prakash
_9540442
245 0 _aSamajik sanstaran
260 _aKanpur, India
_bGrantham
_c1987
300 _a232p.
650 _aSocial Structure
942 _cTEXL
_h305, VER
999 _c1379614
_d1379614